[Event "45th FIDE Chess Olympiad Open"]
[Site "Budapest, Hungary"]
[Date "2024.09.22"]
[Round "11"]
[White "Khoroshev, Nikita"]
[Black "Fawzy, Adham"]
[Result "1/2-1/2"]
[Board "118"]
[WhiteFideId "14200287"]
[BlackFideId "10613129"]
[WhiteTitle "IM"]
[BlackTitle "GM"]
[WhiteElo "2355"]
[BlackElo "2507"]
[WhiteTeam "Kyrgyzstan"]
[BlackTeam "Egypt"]
[WhiteClock "0:03:54"]
[BlackClock "0:06:47"]
[Variant "Standard"]

1. d4 {[%clk 1:30:52]}  Nf6 {[%clk 1:30:00]} 2. c4 {[%clk 1:31:02]}  e6 {[%clk 1:28:12]} 3. Nf3 {[%clk 1:31:11]}  Bb4+ {[%clk 1:28:00]} 4. Bd2 {[%clk 1:30:35]}  Qe7 {[%clk 1:28:22]} 5. g3 {[%clk 1:30:25]}  Bxd2+ {[%clk 1:27:47]} 6. Qxd2 {[%clk 1:30:05]}  Nc6 {[%clk 1:27:26]} 7. Nc3 {[%clk 1:27:19]}  d5 {[%clk 1:24:35]} 8. cxd5 {[%clk 1:26:51]}  exd5 {[%clk 1:24:57]} 9. Bg2 {[%clk 1:27:19]}  O-O {[%clk 1:24:41]} 10. O-O {[%clk 1:25:43]}  Bf5 {[%clk 1:18:46]} 11. Nh4 {[%clk 1:18:31]}  Be6 {[%clk 1:16:58]} 12. Rac1 {[%clk 1:16:13]}  Rad8 {[%clk 1:14:34]} 13. Nf3 {[%clk 1:11:07]}  Ne4 {[%clk 1:11:13]} 14. Qf4 {[%clk 1:06:56]}  f5 {[%clk 1:10:01]} 15. Qe3 {[%clk 1:03:30]}  h6 {[%clk 1:01:50]} 16. Nd2 {[%clk 1:02:08]}  Qb4 {[%clk 0:53:09]} 17. Nb3 {[%clk 0:53:03]}  Rfe8 {[%clk 0:52:33]} 18. Rfd1 {[%clk 0:52:16]}  a5 {[%clk 0:51:01]} 19. Bxe4 {[%clk 0:44:11]}  Bf7 {[%clk 0:35:21]} 20. Nxd5 {[%clk 0:34:27]}  Qf8 {[%clk 0:33:36]} 21. Nc3 {[%clk 0:32:14]}  Nb4 {[%clk 0:30:26]} 22. Nc5 {[%clk 0:27:36]}  b6 {[%clk 0:27:24]} 23. Qf3 {[%clk 0:22:07]}  fxe4 {[%clk 0:24:14]} 24. N5xe4 {[%clk 0:22:34]}  Qe7 {[%clk 0:23:17]} 25. a3 {[%clk 0:20:34]}  Bb3 {[%clk 0:18:16]} 26. Rd2 {[%clk 0:19:02]}  Nd5 {[%clk 0:17:54]} 27. Qd3 {[%clk 0:15:21]}  Qf7 {[%clk 0:13:17]} 28. f3 {[%clk 0:13:53]}  a4 {[%clk 0:11:08]} 29. Nxd5 {[%clk 0:11:51]}  Rxd5 {[%clk 0:10:49]} 30. Nc3 {[%clk 0:11:35]}  Rg5 {[%clk 0:07:17]} 31. e4 {[%clk 0:09:45]}  Rf8 {[%clk 0:07:38]} 32. Rf2 {[%clk 0:08:58]}  Qg6 {[%clk 0:05:45]} 33. Ne2 {[%clk 0:06:56]}  c6 {[%clk 0:02:48]} 34. Qe3 {[%clk 0:06:47]}  Qd6 {[%clk 0:02:03]} 35. Qc3 {[%clk 0:03:01]}  Rg6 {[%clk 0:01:18]} 36. Qb4 {[%clk 0:02:37]}  Qd8 {[%clk 0:01:10]} 37. Qd2 {[%clk 0:01:28]}  h5 {[%clk 0:00:41]} 38. Qe3 {[%clk 0:00:42]}  Qd7 {[%clk 0:00:37]} 39. Nf4 {[%clk 0:01:01]}  Rd6 {[%clk 0:00:40]} 40. Rd2 {[%clk 0:00:47]}  Rdf6 {[%clk 0:00:56]} 41. h4 {[%clk 0:28:22]}  Qe7 {[%clk 0:28:49]} 42. Re1 {[%clk 0:25:46]}  b5 {[%clk 0:25:09]} 43. d5 {[%clk 0:23:27]}  Qc7 {[%clk 0:17:38]} 44. Kg2 {[%clk 0:20:30]}  cxd5 {[%clk 0:15:46]} 45. exd5 {[%clk 0:20:38]}  Qf7 {[%clk 0:15:12]} 46. d6 {[%clk 0:18:44]}  Rd8 {[%clk 0:15:19]} 47. Qb6 {[%clk 0:17:57]}  Rf8 {[%clk 0:14:48]} 48. Qd4 {[%clk 0:17:05]}  Rd8 {[%clk 0:11:48]} 49. Qc5 {[%clk 0:14:42]}  Bc4 {[%clk 0:10:24]} 50. Rd4 {[%clk 0:14:07]}  Qf8 {[%clk 0:09:20]} 51. Qxh5 {[%clk 0:11:52]}  Rh6 {[%clk 0:08:39]} 52. Qe5 {[%clk 0:10:34]}  Rhxd6 {[%clk 0:08:44]} 53. Red1 {[%clk 0:10:24]}  Rxd4 {[%clk 0:08:01]} 54. Rxd4 {[%clk 0:10:51]}  Re8 {[%clk 0:08:25]} 55. Qg5 {[%clk 0:11:18]}  Re7 {[%clk 0:06:48]} 56. h5 {[%clk 0:10:39]}  Qe8 {[%clk 0:07:08]} 57. Rd2 {[%clk 0:10:25]}  Rd7 {[%clk 0:05:16]} 58. Rxd7 {[%clk 0:07:02]}  Qxd7 {[%clk 0:05:45]} 59. h6 {[%clk 0:07:12]}  Qd2+ {[%clk 0:05:48]} 60. Kh3 {[%clk 0:07:37]}  Qxb2 {[%clk 0:05:51]} 61. h7+ {[%clk 0:05:21]}  Kxh7 {[%clk 0:05:21]} 62. Qh5+ {[%clk 0:04:59]}  Kg8 {[%clk 0:05:49]} 63. Qe8+ {[%clk 0:04:24]}  Kh7 {[%clk 0:06:18]} 64. Qh5+ {[%clk 0:04:18]}  Kg8 {[%clk 0:06:47]} 65. Qe8+ {[%clk 0:03:54]} 1/2-1/2

[Event "45th FIDE Chess Olympiad Open"]
[Site "Budapest, Hungary"]
[Date "2024.09.22"]
[Round "11"]
[White "Wafa, Hamed"]
[Black "Abdyzhapar, Asylbek"]
[Result "1-0"]
[Board "119"]
[WhiteFideId "10628452"]
[BlackFideId "13800337"]
[WhiteTitle "IM"]
[BlackTitle "IM"]
[WhiteElo "2368"]
[BlackElo "2357"]
[WhiteTeam "Egypt"]
[BlackTeam "Kyrgyzstan"]
[WhiteClock "0:28:38"]
[BlackClock "0:06:25"]
[Variant "Standard"]

1. e4 {[%clk 1:30:48]}  c6 {[%clk 1:30:56]} 2. d4 {[%clk 1:31:14]}  d5 {[%clk 1:31:24]} 3. e5 {[%clk 1:31:36]}  Bf5 {[%clk 1:31:50]} 4. h4 {[%clk 1:32:00]}  h5 {[%clk 1:32:18]} 5. Bd3 {[%clk 1:32:24]}  Bxd3 {[%clk 1:32:43]} 6. Qxd3 {[%clk 1:32:46]}  Qa5+ {[%clk 1:33:12]} 7. Nd2 {[%clk 1:33:06]}  e6 {[%clk 1:33:38]} 8. Ngf3 {[%clk 1:33:30]}  Nh6 {[%clk 1:33:56]} 9. O-O {[%clk 1:33:51]}  Nf5 {[%clk 1:34:11]} 10. Nb3 {[%clk 1:34:14]}  Qa6 {[%clk 1:34:14]} 11. Qc3 {[%clk 1:34:25]}  Nd7 {[%clk 1:31:47]} 12. Bg5 {[%clk 1:34:31]}  Rc8 {[%clk 1:31:26]} 13. Qd2 {[%clk 1:29:52]}  c5 {[%clk 1:29:22]} 14. c3 {[%clk 1:30:13]}  c4 {[%clk 1:18:03]} 15. Nc1 {[%clk 1:30:24]}  f6 {[%clk 1:18:08]} 16. Bf4 {[%clk 1:20:42]}  fxe5 {[%clk 1:03:21]} 17. Bxe5 {[%clk 1:19:34]}  Be7 {[%clk 0:59:15]} 18. g3 {[%clk 1:16:28]}  O-O {[%clk 0:58:52]} 19. Ne2 {[%clk 1:16:16]}  Nd6 {[%clk 0:53:24]} 20. Nf4 {[%clk 1:10:30]}  Ne4 {[%clk 0:51:53]} 21. Qe2 {[%clk 1:08:50]}  Rf5 {[%clk 0:50:19]} 22. Rae1 {[%clk 1:02:41]}  Nxe5 {[%clk 0:36:38]} 23. Nxe5 {[%clk 1:02:28]}  Bxh4 {[%clk 0:35:34]} 24. Nxh5 {[%clk 0:58:44]}  Bf6 {[%clk 0:34:49]} 25. Ng6 {[%clk 0:54:47]}  Kf7 {[%clk 0:31:10]} 26. Ngf4 {[%clk 0:53:19]}  Qd6 {[%clk 0:27:10]} 27. Kg2 {[%clk 0:48:54]}  Rh8 {[%clk 0:20:49]} 28. Rh1 {[%clk 0:47:08]}  Rh6 {[%clk 0:19:48]} 29. Qg4 {[%clk 0:27:52]}  Rg5 {[%clk 0:17:34]} 30. Qf3 {[%clk 0:27:50]}  Rf5 {[%clk 0:17:37]} 31. Rxe4 {[%clk 0:25:54]}  dxe4 {[%clk 0:17:36]} 32. Qxe4 {[%clk 0:26:22]}  Rb5 {[%clk 0:13:03]} 33. Nxg7 {[%clk 0:24:48]}  Bxg7 {[%clk 0:10:06]} 34. Rxh6 {[%clk 0:23:05]}  Bxh6 {[%clk 0:10:27]} 35. Qg6+ {[%clk 0:23:32]}  Ke7 {[%clk 0:10:26]} 36. Qxh6 {[%clk 0:23:56]}  Rxb2 {[%clk 0:07:38]} 37. Qg7+ {[%clk 0:23:07]}  Kd8 {[%clk 0:07:30]} 38. Qf7 {[%clk 0:20:53]}  Rb6 {[%clk 0:05:18]} 39. g4 {[%clk 0:18:51]}  Qe7 {[%clk 0:04:36]} 40. Qg8+ {[%clk 0:18:22]}  Qe8 {[%clk 0:03:34]} 41. Qg5+ {[%clk 0:17:26]}  Kc8 {[%clk 0:00:43]} 42. Qe5 {[%clk 0:17:02]}  Qc6+ {[%clk 0:26:20]} 43. Kg3 {[%clk 0:46:01]}  Rb5 {[%clk 0:25:13]} 44. Qf6 {[%clk 0:42:44]}  Qd6 {[%clk 0:22:36]} 45. f3 {[%clk 0:40:21]}  a6 {[%clk 0:17:47]} 46. Kh3 {[%clk 0:39:32]}  Qc6 {[%clk 0:09:48]} 47. Nxe6 {[%clk 0:36:54]}  Kb8 {[%clk 0:08:40]} 48. g5 {[%clk 0:36:22]}  Ka7 {[%clk 0:08:28]} 49. Nc5 {[%clk 0:29:17]}  Qc8+ {[%clk 0:08:06]} 50. Kg3 {[%clk 0:29:26]}  Qe8 {[%clk 0:06:09]} 51. Ne4 {[%clk 0:28:40]}  Rb6 {[%clk 0:05:52]} 52. Qe5 {[%clk 0:28:58]}  Qa4 {[%clk 0:05:22]} 53. Qc5 {[%clk 0:27:36]}  Qd1 {[%clk 0:05:23]} 54. a4 {[%clk 0:27:31]}  Qxa4 {[%clk 0:05:13]} 55. Nd6 {[%clk 0:27:05]}  Qd1 {[%clk 0:05:16]} 56. Nc8+ {[%clk 0:27:27]}  Kb8 {[%clk 0:05:42]} 57. Nxb6 {[%clk 0:27:51]}  Qe1+ {[%clk 0:06:01]} 58. Kg4 {[%clk 0:28:16]}  Qxc3 {[%clk 0:06:25]} 59. Nd7+ {[%clk 0:28:38]} 1-0

[Event "45th FIDE Chess Olympiad Open"]
[Site "Budapest, Hungary"]
[Date "2024.09.22"]
[Round "11"]
[White "Sezdbekov, Ruslan"]
[Black "Sadek, Sameh"]
[Result "1-0"]
[Board "120"]
[WhiteFideId "13801856"]
[BlackFideId "10602771"]
[WhiteTitle "FM"]
[BlackTitle "FM"]
[WhiteElo "2251"]
[BlackElo "2269"]
[WhiteTeam "Kyrgyzstan"]
[BlackTeam "Egypt"]
[WhiteClock "0:23:00"]
[BlackClock "0:03:00"]
[Variant "Standard"]

1. d4 {[%clk 1:29:49]}  Nf6 {[%clk 1:30:49]} 2. Nf3 {[%clk 1:30:14]}  e6 {[%clk 1:31:12]} 3. Bf4 {[%clk 1:30:26]}  Bd6 {[%clk 1:31:32]} 4. Bg3 {[%clk 1:30:16]}  b6 {[%clk 1:31:31]} 5. e3 {[%clk 1:30:28]}  Bxg3 {[%clk 1:31:37]} 6. hxg3 {[%clk 1:30:53]}  Bb7 {[%clk 1:32:00]} 7. Bd3 {[%clk 1:31:01]}  d6 {[%clk 1:32:11]} 8. Nbd2 {[%clk 1:30:04]}  c5 {[%clk 1:31:31]} 9. c3 {[%clk 1:30:17]}  Nbd7 {[%clk 1:29:28]} 10. Qc2 {[%clk 1:28:09]}  e5 {[%clk 1:28:22]} 11. dxe5 {[%clk 1:24:06]}  dxe5 {[%clk 1:27:38]} 12. O-O-O {[%clk 1:22:18]}  Qe7 {[%clk 1:27:15]} 13. Be4 {[%clk 1:16:28]}  O-O-O {[%clk 1:22:17]} 14. Bxb7+ {[%clk 1:16:22]}  Kxb7 {[%clk 1:22:45]} 15. Nc4 {[%clk 1:15:52]}  Kb8 {[%clk 1:08:56]} 16. e4 {[%clk 1:13:30]}  Ng4 {[%clk 1:04:01]} 17. Rd5 {[%clk 1:06:40]}  Qe6 {[%clk 0:46:34]} 18. Rhd1 {[%clk 1:03:07]}  Ngf6 {[%clk 0:44:50]} 19. Ng5 {[%clk 0:59:44]}  Qe7 {[%clk 0:42:01]} 20. R5d2 {[%clk 0:58:40]}  Ng4 {[%clk 0:41:31]} 21. Nf3 {[%clk 0:57:17]}  Ndf6 {[%clk 0:32:53]} 22. Rxd8+ {[%clk 0:55:39]}  Rxd8 {[%clk 0:31:22]} 23. Rxd8+ {[%clk 0:56:04]}  Qxd8 {[%clk 0:31:41]} 24. Nfxe5 {[%clk 0:56:13]}  Nxe5 {[%clk 0:31:51]} 25. Nxe5 {[%clk 0:56:40]}  Qe8 {[%clk 0:31:39]} 26. f4 {[%clk 0:54:50]}  Kc7 {[%clk 0:30:51]} 27. Qd3 {[%clk 0:51:39]}  Qe6 {[%clk 0:25:14]} 28. b3 {[%clk 0:48:14]}  Kb7 {[%clk 0:19:49]} 29. Kd2 {[%clk 0:47:30]}  Kc7 {[%clk 0:20:16]} 30. Ke3 {[%clk 0:47:08]}  h5 {[%clk 0:20:40]} 31. Qc4 {[%clk 0:43:52]}  Ng4+ {[%clk 0:15:30]} 32. Nxg4 {[%clk 0:44:07]}  hxg4 {[%clk 0:15:49]} 33. Qa6 {[%clk 0:39:37]}  Kb8 {[%clk 0:15:55]} 34. Qd3 {[%clk 0:37:21]}  f5 {[%clk 0:13:03]} 35. Qd8+ {[%clk 0:34:58]}  Kb7 {[%clk 0:13:22]} 36. e5 {[%clk 0:34:21]}  Ka6 {[%clk 0:07:48]} 37. Qc7 {[%clk 0:26:48]}  g6 {[%clk 0:06:55]} 38. c4 {[%clk 0:25:08]}  Qe8 {[%clk 0:05:52]} 39. Kf2 {[%clk 0:24:05]}  Qe6 {[%clk 0:05:45]} 40. a3 {[%clk 0:23:46]}  Qe8 {[%clk 0:05:49]} 41. b4 {[%clk 0:23:17]}  cxb4 {[%clk 0:05:46]} 42. axb4 {[%clk 0:23:41]}  Qe6 {[%clk 0:06:14]} 43. Ke3 {[%clk 0:23:22]}  Qe8 {[%clk 0:03:00]} 44. Kd4 {[%clk 0:23:00]} 1-0

[Event "45th FIDE Chess Olympiad Open"]
[Site "Budapest, Hungary"]
[Date "2024.09.22"]
[Round "11"]
[White "Cheng, Bobby"]
[Black "Saraci, Nderim"]
[Result "1-0"]
[Board "121"]
[WhiteFideId "4300033"]
[BlackFideId "6351921"]
[WhiteTitle "GM"]
[BlackTitle "IM"]
[WhiteElo "2588"]
[BlackElo "2446"]
[WhiteTeam "Australia"]
[BlackTeam "Kosovo"]
[WhiteClock "0:05:16"]
[BlackClock "0:06:34"]
[Variant "Standard"]

1. d4 {[%clk 1:30:57]}  Nf6 {[%clk 1:30:45]} 2. c4 {[%clk 1:31:25]}  e6 {[%clk 1:31:00]} 3. Nf3 {[%clk 1:31:50]}  d5 {[%clk 1:31:15]} 4. g3 {[%clk 1:32:17]}  Be7 {[%clk 1:31:14]} 5. Bg2 {[%clk 1:32:42]}  O-O {[%clk 1:31:33]} 6. Nc3 {[%clk 1:32:31]}  dxc4 {[%clk 1:28:06]} 7. Ne5 {[%clk 1:32:41]}  Nc6 {[%clk 1:21:04]} 8. Bxc6 {[%clk 1:32:53]}  bxc6 {[%clk 1:21:28]} 9. Nxc6 {[%clk 1:33:19]}  Qe8 {[%clk 1:21:09]} 10. Nxe7+ {[%clk 1:33:45]}  Qxe7 {[%clk 1:21:32]} 11. Qa4 {[%clk 1:34:11]}  c5 {[%clk 1:10:06]} 12. dxc5 {[%clk 1:34:22]}  Qxc5 {[%clk 1:10:05]} 13. Be3 {[%clk 1:34:47]}  Qc7 {[%clk 1:09:08]} 14. f3 {[%clk 1:32:13]}  Rd8 {[%clk 1:00:41]} 15. Qa3 {[%clk 1:31:13]}  Nd5 {[%clk 0:54:04]} 16. Nxd5 {[%clk 1:30:20]}  Rxd5 {[%clk 0:53:39]} 17. Kf2 {[%clk 1:28:34]}  Bb7 {[%clk 0:45:24]} 18. Qc3 {[%clk 1:22:56]}  Qa5 {[%clk 0:40:06]} 19. Rhd1 {[%clk 1:09:53]}  Qxc3 {[%clk 0:40:01]} 20. bxc3 {[%clk 1:10:22]}  Rxd1 {[%clk 0:34:00]} 21. Rxd1 {[%clk 1:10:50]}  Bd5 {[%clk 0:31:43]} 22. Bc5 {[%clk 0:58:58]}  a6 {[%clk 0:24:35]} 23. Rb1 {[%clk 0:53:03]}  e5 {[%clk 0:20:50]} 24. Rb6 {[%clk 0:51:30]}  f6 {[%clk 0:18:53]} 25. e4 {[%clk 0:46:08]}  Bf7 {[%clk 0:19:01]} 26. Bd6 {[%clk 0:46:32]}  a5 {[%clk 0:16:40]} 27. f4 {[%clk 0:46:11]}  Bg6 {[%clk 0:11:02]} 28. Ke3 {[%clk 0:44:32]}  exf4+ {[%clk 0:08:01]} 29. gxf4 {[%clk 0:44:51]}  a4 {[%clk 0:08:28]} 30. a3 {[%clk 0:42:42]}  Re8 {[%clk 0:07:11]} 31. e5 {[%clk 0:43:07]}  Bd3 {[%clk 0:06:21]} 32. Kd4 {[%clk 0:41:04]}  Kf7 {[%clk 0:04:06]} 33. Rb7+ {[%clk 0:36:52]}  Kg6 {[%clk 0:03:34]} 34. Ra7 {[%clk 0:36:25]}  h5 {[%clk 0:02:40]} 35. Kd5 {[%clk 0:23:49]}  Bf1 {[%clk 0:01:58]} 36. h4 {[%clk 0:16:17]}  Bg2+ {[%clk 0:00:35]} 37. Kxc4 {[%clk 0:15:47]}  Rc8+ {[%clk 0:00:38]} 38. Kd4 {[%clk 0:15:37]}  Bf1 {[%clk 0:00:31]} 39. Rxa4 {[%clk 0:09:57]}  Kf5 {[%clk 0:00:56]} 40. Rb4 {[%clk 0:10:24]}  g5 {[%clk 0:00:34]} 41. exf6 {[%clk 0:27:57]}  Rd8 {[%clk 0:26:00]} 42. Kc5 {[%clk 0:24:15]}  Rc8+ {[%clk 0:26:23]} 43. Kd4 {[%clk 0:12:17]}  Rd8 {[%clk 0:25:18]} 44. fxg5 {[%clk 0:12:11]}  Rxd6+ {[%clk 0:25:41]} 45. Kc5 {[%clk 0:10:50]}  Rd8 {[%clk 0:25:38]} 46. a4 {[%clk 0:07:33]}  Rc8+ {[%clk 0:24:21]} 47. Kb6 {[%clk 0:07:41]}  Bg2 {[%clk 0:17:11]} 48. c4 {[%clk 0:06:31]}  Ke6 {[%clk 0:16:53]} 49. a5 {[%clk 0:05:58]}  Rd8 {[%clk 0:09:43]} 50. a6 {[%clk 0:05:25]}  Rd4 {[%clk 0:07:46]} 51. Rb2 {[%clk 0:05:14]}  Bh1 {[%clk 0:07:30]} 52. Re2 {[%clk 0:05:17]}  Kf7 {[%clk 0:06:56]} 53. Re7+ {[%clk 0:05:20]}  Kf8 {[%clk 0:07:20]} 54. Rc7 {[%clk 0:05:14]}  Rd6+ {[%clk 0:06:34]} 55. Kb5 {[%clk 0:05:16]} 1-0

[Event "45th FIDE Chess Olympiad Open"]
[Site "Budapest, Hungary"]
[Date "2024.09.22"]
[Round "11"]
[White "Ondozi, Murtez"]
[Black "Sardana, Rishi"]
[Result "1/2-1/2"]
[Board "122"]
[WhiteFideId "937576"]
[BlackFideId "25004301"]
[WhiteTitle "FM"]
[BlackTitle "IM"]
[WhiteElo "2371"]
[BlackElo "2477"]
[WhiteTeam "Kosovo"]
[BlackTeam "Australia"]
[WhiteClock "0:33:33"]
[BlackClock "0:06:12"]
[Variant "Standard"]

1. d4 {[%clk 1:30:20]}  Nf6 {[%clk 1:30:55]} 2. c4 {[%clk 1:30:40]}  e6 {[%clk 1:31:21]} 3. Nf3 {[%clk 1:31:06]}  d5 {[%clk 1:31:47]} 4. Nc3 {[%clk 1:31:28]}  Bb4 {[%clk 1:32:11]} 5. Qb3 {[%clk 1:30:33]}  c5 {[%clk 1:28:53]} 6. dxc5 {[%clk 1:27:54]}  Na6 {[%clk 1:27:07]} 7. e3 {[%clk 1:25:17]}  Qa5 {[%clk 1:25:12]} 8. Bd2 {[%clk 1:24:19]}  Nxc5 {[%clk 1:23:49]} 9. Qc2 {[%clk 1:24:26]}  Nce4 {[%clk 1:21:32]} 10. Nxe4 {[%clk 1:22:11]}  dxe4 {[%clk 1:14:44]} 11. Bxb4 {[%clk 1:22:19]}  Qxb4+ {[%clk 1:15:10]} 12. Nd2 {[%clk 1:22:46]}  O-O {[%clk 1:09:12]} 13. a3 {[%clk 1:23:09]}  Qa5 {[%clk 1:09:37]} 14. c5 {[%clk 1:18:46]}  Qc7 {[%clk 0:58:46]} 15. Nxe4 {[%clk 1:18:36]}  Nxe4 {[%clk 0:59:13]} 16. Qxe4 {[%clk 1:19:01]}  Qxc5 {[%clk 0:59:36]} 17. Bd3 {[%clk 1:19:22]}  f5 {[%clk 0:56:49]} 18. Qc4 {[%clk 1:18:05]}  Qe5 {[%clk 0:55:09]} 19. Qb5 {[%clk 1:18:21]}  Qc7 {[%clk 0:44:34]} 20. O-O {[%clk 1:15:14]}  Bd7 {[%clk 0:44:37]} 21. Qb3 {[%clk 1:15:20]}  Rac8 {[%clk 0:43:18]} 22. Rfd1 {[%clk 1:15:02]}  Kh8 {[%clk 0:35:42]} 23. Bb5 {[%clk 1:07:24]}  Bxb5 {[%clk 0:33:05]} 24. Qxb5 {[%clk 1:07:52]}  Rfd8 {[%clk 0:27:51]} 25. h3 {[%clk 1:05:04]}  h6 {[%clk 0:27:32]} 26. Qb3 {[%clk 1:00:51]}  Rxd1+ {[%clk 0:17:54]} 27. Rxd1 {[%clk 1:00:24]}  Qc2 {[%clk 0:17:35]} 28. Rd8+ {[%clk 0:59:15]}  Kh7 {[%clk 0:17:55]} 29. Qxc2 {[%clk 0:59:33]}  Rxc2 {[%clk 0:18:22]} 30. b4 {[%clk 0:59:48]}  Rc3 {[%clk 0:18:05]} 31. Rd7 {[%clk 1:00:12]}  Rxa3 {[%clk 0:18:21]} 32. Rxb7 {[%clk 1:00:38]}  Kg6 {[%clk 0:18:19]} 33. b5 {[%clk 1:00:34]}  Kf6 {[%clk 0:18:33]} 34. h4 {[%clk 0:59:22]}  Ra4 {[%clk 0:18:34]} 35. g3 {[%clk 0:59:36]}  a5 {[%clk 0:17:29]} 36. bxa6 {[%clk 0:53:32]}  Rxa6 {[%clk 0:17:46]} 37. Kg2 {[%clk 0:53:58]}  g5 {[%clk 0:18:00]} 38. hxg5+ {[%clk 0:52:56]}  hxg5 {[%clk 0:18:24]} 39. Rb4 {[%clk 0:52:10]}  g4 {[%clk 0:16:50]} 40. e4 {[%clk 0:48:35]}  Ke5 {[%clk 0:16:54]} 41. exf5 {[%clk 0:48:47]}  exf5 {[%clk 0:17:19]} 42. Rb8 {[%clk 0:49:05]}  Ra1 {[%clk 0:16:43]} 43. Re8+ {[%clk 0:49:09]}  Kf6 {[%clk 0:17:09]} 44. Re2 {[%clk 0:49:13]}  Ra3 {[%clk 0:16:27]} 45. Rb2 {[%clk 0:49:19]}  Rc3 {[%clk 0:16:43]} 46. Kf1 {[%clk 0:49:29]}  Ra3 {[%clk 0:11:13]} 47. Ke2 {[%clk 0:44:12]}  Ke5 {[%clk 0:11:31]} 48. Rb8 {[%clk 0:44:06]}  Ra2+ {[%clk 0:11:47]} 49. Kf1 {[%clk 0:44:27]}  Ra1+ {[%clk 0:12:00]} 50. Kg2 {[%clk 0:44:52]}  Ra2 {[%clk 0:11:57]} 51. Re8+ {[%clk 0:44:41]}  Kf6 {[%clk 0:12:23]} 52. Kf1 {[%clk 0:45:01]}  Rb2 {[%clk 0:12:41]} 53. Rd8 {[%clk 0:44:24]}  Ke5 {[%clk 0:13:03]} 54. Rf8 {[%clk 0:39:18]}  Ra2 {[%clk 0:12:54]} 55. Kg2 {[%clk 0:34:57]}  Rb2 {[%clk 0:12:53]} 56. Ra8 {[%clk 0:35:20]}  Rc2 {[%clk 0:13:10]} 57. Ra5+ {[%clk 0:35:44]}  Kf6 {[%clk 0:13:32]} 58. Rd5 {[%clk 0:36:07]}  Ke6 {[%clk 0:13:56]} 59. Rb5 {[%clk 0:36:29]}  Kf6 {[%clk 0:14:22]} 60. Kf1 {[%clk 0:36:52]}  Ke6 {[%clk 0:14:43]} 61. Ke1 {[%clk 0:37:14]}  Kf6 {[%clk 0:14:40]} 62. Rd5 {[%clk 0:37:02]}  Ra2 {[%clk 0:15:05]} 63. Rd2 {[%clk 0:36:42]}  Ra3 {[%clk 0:15:06]} 64. Ke2 {[%clk 0:36:54]}  Ke5 {[%clk 0:15:25]} 65. Rb2 {[%clk 0:36:41]}  Rc3 {[%clk 0:15:31]} 66. Rb5+ {[%clk 0:36:43]}  Ke6 {[%clk 0:15:52]} 67. Rb8 {[%clk 0:36:57]}  Ra3 {[%clk 0:16:15]} 68. Rd8 {[%clk 0:36:42]}  Rb3 {[%clk 0:16:39]} 69. Kd2 {[%clk 0:36:22]}  Ra3 {[%clk 0:16:55]} 70. Rc8 {[%clk 0:36:33]}  Ra2+ {[%clk 0:16:52]} 71. Ke3 {[%clk 0:35:35]}  Ra3+ {[%clk 0:17:18]} 72. Kd4 {[%clk 0:33:06]}  Rf3 {[%clk 0:11:50]} 73. Rc6+ {[%clk 0:33:28]}  Ke7 {[%clk 0:11:37]} 74. Rc2 {[%clk 0:32:44]}  Kf6 {[%clk 0:11:41]} 75. Rc6+ {[%clk 0:32:16]}  Kg5 {[%clk 0:12:04]} 76. Rc2 {[%clk 0:31:52]}  Kf6 {[%clk 0:11:24]} 77. Rc6+ {[%clk 0:32:15]}  Kg5 {[%clk 0:11:49]} 78. Rc2 {[%clk 0:32:41]}  Kh5 {[%clk 0:10:25]} 79. Ra2 {[%clk 0:31:51]}  Kg5 {[%clk 0:10:21]} 80. Rc2 {[%clk 0:32:15]}  Ra3 {[%clk 0:09:35]} 81. Rb2 {[%clk 0:32:27]}  Rf3 {[%clk 0:06:47]} 82. Rc2 {[%clk 0:32:46]}  Kf6 {[%clk 0:05:47]} 83. Rc6+ {[%clk 0:33:07]}  Kg5 {[%clk 0:06:12]} 84. Rc2 {[%clk 0:33:33]} 1/2-1/2

[Event "45th FIDE Chess Olympiad Open"]
[Site "Budapest, Hungary"]
[Date "2024.09.22"]
[Round "11"]
[White "Zhao, Zong-Yuan"]
[Black "Uruci, Endrit"]
[Result "1-0"]
[Board "123"]
[WhiteFideId "3202534"]
[BlackFideId "22100199"]
[WhiteTitle "GM"]
[BlackTitle "FM"]
[WhiteElo "2478"]
[BlackElo "2348"]
[WhiteTeam "Australia"]
[BlackTeam "Kosovo"]
[WhiteClock "0:15:25"]
[BlackClock "0:15:00"]
[Variant "Standard"]

1. e4 {[%clk 1:30:56]}  c5 {[%clk 1:30:37]} 2. Nf3 {[%clk 1:31:14]}  Nc6 {[%clk 1:30:44]} 3. d4 {[%clk 1:31:13]}  cxd4 {[%clk 1:31:08]} 4. Nxd4 {[%clk 1:31:40]}  e5 {[%clk 1:30:49]} 5. Nb5 {[%clk 1:31:55]}  a6 {[%clk 1:30:37]} 6. Nd6+ {[%clk 1:32:06]}  Bxd6 {[%clk 1:31:00]} 7. Qxd6 {[%clk 1:32:32]}  Qe7 {[%clk 1:31:17]} 8. Qd2 {[%clk 1:32:01]}  Nf6 {[%clk 1:31:31]} 9. Nc3 {[%clk 1:32:27]}  d6 {[%clk 1:31:42]} 10. b3 {[%clk 1:32:24]}  b5 {[%clk 1:31:43]} 11. Bb2 {[%clk 1:30:26]}  O-O {[%clk 1:27:25]} 12. O-O-O {[%clk 1:30:44]}  Rd8 {[%clk 1:20:54]} 13. Kb1 {[%clk 1:27:21]}  Bb7 {[%clk 1:17:54]} 14. Nd5 {[%clk 1:19:55]}  Nxd5 {[%clk 1:18:16]} 15. exd5 {[%clk 1:20:23]}  Nb8 {[%clk 1:18:33]} 16. f4 {[%clk 1:19:42]}  Nd7 {[%clk 1:18:42]} 17. Bd3 {[%clk 1:19:16]}  e4 {[%clk 1:08:26]} 18. Rhe1 {[%clk 1:02:26]}  f5 {[%clk 0:58:34]} 19. g4 {[%clk 1:01:47]}  Qh4 {[%clk 0:55:02]} 20. Be2 {[%clk 0:57:08]}  fxg4 {[%clk 0:52:43]} 21. Bxg4 {[%clk 0:53:23]}  Nf6 {[%clk 0:43:28]} 22. Be6+ {[%clk 0:51:04]}  Kh8 {[%clk 0:43:52]} 23. Qd4 {[%clk 0:43:27]}  Bc8 {[%clk 0:38:11]} 24. Rxe4 {[%clk 0:40:38]}  Rf8 {[%clk 0:36:58]} 25. Re2 {[%clk 0:33:36]}  a5 {[%clk 0:29:34]} 26. a3 {[%clk 0:29:52]}  Rb8 {[%clk 0:28:23]} 27. Rg1 {[%clk 0:29:46]}  b4 {[%clk 0:27:15]} 28. a4 {[%clk 0:29:36]}  Rb7 {[%clk 0:26:57]} 29. Rg3 {[%clk 0:26:53]}  Re7 {[%clk 0:26:11]} 30. Ka2 {[%clk 0:24:17]}  Bd7 {[%clk 0:19:22]} 31. Reg2 {[%clk 0:21:44]}  Qh5 {[%clk 0:17:58]} 32. Rxg7 {[%clk 0:14:17]}  Rxg7 {[%clk 0:18:14]} 33. Qxf6 {[%clk 0:14:44]}  Rxf6 {[%clk 0:17:50]} 34. Bxf6 {[%clk 0:15:12]}  Bxe6 {[%clk 0:17:22]} 35. Rxg7 {[%clk 0:15:04]}  Qf5 {[%clk 0:16:24]} 36. Bb2 {[%clk 0:15:05]}  h5 {[%clk 0:15:00]} 37. dxe6 {[%clk 0:15:25]} 1-0